ბათუმის შოთა რუსთაველის სახელმწიფო უნივერსიტეტის ბიბლიოთეკა

მცენარეთა დაცვის ეკონომიკა და ორგანიზაცია. (ბიბ.ჩანაწერი № 35430)

000 -LEADER
fixed length control field 00895nam a2200217Ia 4500
001 - CONTROL NUMBER
control field 1288
003 - CONTROL NUMBER IDENTIFIER
control field GE_BSU
008 - FIXED-LENGTH DATA ELEMENTS--GENERAL INFORMATION
fixed length control field 181216s||||||||xx |||||||||||||| ||und||
040 ## - CATALOGING SOURCE
Transcribing agency GE_BSU
080 ## - UNIVERSAL DECIMAL CLASSIFICATION NUMBER
Universal Decimal Classification number 632(075.8)
100 ## - MAIN ENTRY--PERSONAL NAME
Personal name ჭკუასელი, გ.
245 ## - TITLE STATEMENT
Title მცენარეთა დაცვის ეკონომიკა და ორგანიზაცია.
245 ## - TITLE STATEMENT
Remainder of title სახელმძღვანელო უმაღლესი სას. სამ. სასწ. სტუდენტ. და კვალიფიკაციის ამაღლების ფაკ-ის მსმენელთათვის.
260 ## - PUBLICATION, DISTRIBUTION, ETC.
Place of publication, distribution, etc. თბილისი
260 ## - PUBLICATION, DISTRIBUTION, ETC.
Name of publisher, distributor, etc. განათლება
260 ## - PUBLICATION, DISTRIBUTION, ETC.
Date of publication, distribution, etc. 1987
300 ## - PHYSICAL DESCRIPTION
Extent 260 გვ. 20 სმ.
653 ## - INDEX TERM--UNCONTROLLED
Uncontrolled term მცენარეთა დაცვა.
942 ## - ADDED ENTRY ELEMENTS (KOHA)
Koha item type წიგნი
ეგზემპლარები
Withdrawn status Lost status Damaged status Not for loan Date acquired Barcode Date last seen Price effective from Koha item type
        2018-12-17 2690 2018-12-17 2018-12-17 წიგნი